[Event "HEM 2013 B Turnier"]
[Site "Korbach"]
[Date "2013.03.29"]
[Round "5.1"]
[White "Foerster, Rudi"]
[Black "Kies, Wolfgang"]
[Result "0-1"]
[WhiteElo "1882"]
[BlackElo "1894"]
[PlyCount "60"]
[EventDate "2013.??.??"]
[WhiteTeam "Sfr. Braunfels e. V."]
[BlackTeam "SC Marsberg e.V."]

1. e4 e5 2. Nf3 Nc6 3. Bb5 a6 4. Bxc6 dxc6 5. O-O Bg4 6. h3 h5 7. d3 Qf6 8.
Nbd2 O-O-O 9. Nc4 Bxf3 10. Qxf3 Qxf3 11. gxf3 f6 12. Be3 g5 13. Rad1 c5 14. c3
b5 15. Na5 Bd6 16. d4 cxd4 17. cxd4 Ne7 18. d5 Rdg8 19. Rc1 g4 20. fxg4 hxg4
21. Bc5 gxh3+ 22. Kh1 Kd7 23. Nb7 Rg4 24. f3 Rg2 25. Nxd6 cxd6 26. Ba3 a5 27.
b3 b4 28. Bxb4 axb4 29. Rc4 Rc8 30. Rxb4 Rcc2 0-1

[Event "HEM 2013 B Turnier"]
[Site "Korbach"]
[Date "2013.03.29"]
[Round "5.2"]
[White "Lages, Karl Heinz"]
[Black "Kuehn, Thomas"]
[Result "1/2-1/2"]
[WhiteElo "1917"]
[BlackElo "1913"]
[PlyCount "35"]
[EventDate "2013.??.??"]
[WhiteTeam "Sfr. Korbach"]
[BlackTeam "Sfr. Braunfels e. V."]

1. e4 c5 2. Nf3 d6 3. d4 cxd4 4. Nxd4 Nf6 5. Nc3 e6 6. Be2 a6 7. Be3 Be7 8. O-O
O-O 9. f4 b5 10. Bf3 Ne8 11. Qd2 Bb7 12. Rad1 Qc7 13. Nce2 Nc6 14. c3 Rd8 15.
Nxc6 Bxc6 16. Ng3 Nf6 17. Qc2 Rfe8 18. Rfe1 1/2-1/2

[Event "HEM 2013 B Turnier"]
[Site "Korbach"]
[Date "2013.03.29"]
[Round "5.3"]
[White "Herbst, Alexander"]
[Black "Rolf, Marco"]
[Result "1/2-1/2"]
[WhiteElo "1597"]
[BlackElo "1864"]
[PlyCount "53"]
[EventDate "2013.??.??"]
[WhiteTeam "SC Langenbieber"]
[BlackTeam "SK Bad Homburg 1927"]

1. e4 e6 2. d4 d5 3. Nd2 c5 4. exd5 exd5 5. Ngf3 Nf6 6. Be2 Nc6 7. O-O cxd4 8.
Nb3 Be7 9. Bf4 Bf5 10. Nbxd4 Qd7 11. Bb5 Bg4 12. Ne5 Bxd1 13. Nxd7 Kxd7 14.
Raxd1 a6 15. Be2 Rhd8 16. c3 Ke8 17. Bf3 Kf8 18. Rd3 Bd6 19. Bg5 Ne5 20. Rd2
Nxf3+ 21. Nxf3 Ne4 22. Bxd8 Nxd2 23. Nxd2 Rxd8 24. Rd1 b5 25. Nf3 Ke7 26. Nd4
Kf6 27. g3 1/2-1/2

[Event "HEM 2013 B Turnier"]
[Site "Korbach"]
[Date "2013.03.29"]
[Round "5.4"]
[White "Popov, Vadim"]
[Black "Wagner, Thomas"]
[Result "1/2-1/2"]
[WhiteElo "1688"]
[BlackElo "1941"]
[PlyCount "29"]
[EventDate "2013.??.??"]
[WhiteTeam "SK 1858 Gießen"]
[BlackTeam "SC Langenbieber"]

1. d4 Nf6 2. Nf3 e6 3. Bf4 c5 4. c3 d5 5. e3 Nbd7 6. Bd3 Qb6 7. Qc2 c4 8. Be2
Bd6 9. O-O O-O 10. Nbd2 Qc7 11. Bxd6 Qxd6 12. e4 dxe4 13. Nxe4 Nxe4 14. Qxe4
Qd5 15. Qxd5 1/2-1/2

[Event "HEM 2013 B Turnier"]
[Site "Korbach"]
[Date "2013.03.29"]
[Round "5.5"]
[White "Henkel, Volker"]
[Black "Tschoepe, Nino"]
[Result "1/2-1/2"]
[WhiteElo "1950"]
[BlackElo "1871"]
[PlyCount "52"]
[EventDate "2013.??.??"]
[WhiteTeam "SC Rochade 1963 Beckum"]
[BlackTeam "SC Marsberg e.V."]

1. d4 Nf6 2. c4 g6 3. Nc3 Bg7 4. e4 d6 5. Nf3 O-O 6. Be2 e5 7. dxe5 dxe5 8.
Qxd8 Rxd8 9. Bg5 Re8 10. Nd5 Nxd5 11. cxd5 c6 12. Bc4 cxd5 13. Bxd5 Nc6 14.
Bxc6 bxc6 15. O-O Rb8 16. b3 f5 17. Be3 a5 18. Rac1 a4 19. bxa4 Ra8 20. exf5
gxf5 21. Rxc6 Rxa4 22. Rfc1 Bb7 23. Rc7 Bxf3 24. gxf3 Rxa2 25. Rb7 Ra6 26. Rcc7
Rg6+ 1/2-1/2

[Event "HEM 2013 B Turnier"]
[Site "Korbach"]
[Date "2013.03.29"]
[Round "5.6"]
[White "Ackermann, Emil"]
[Black "Meul, Willi"]
[Result "0-1"]
[WhiteElo "1703"]
[BlackElo "1854"]
[PlyCount "116"]
[EventDate "2013.??.??"]
[WhiteTeam "SV Anderssen Arolsen"]
[BlackTeam "SV 1925 Hürth-Berrenra"]

1. c4 Nf6 2. Nc3 d5 3. d4 g6 4. Nf3 Bg7 5. Bf4 c6 6. e3 O-O 7. Be2 Nbd7 8. h3
dxc4 9. Bxc4 Nb6 10. Be2 Be6 11. Ng5 Bc4 12. O-O h6 13. Nge4 Nxe4 14. Nxe4 Bxe2
15. Qxe2 Nd5 16. Bh2 Nf6 17. Nc5 b6 18. Nd3 Nd7 19. Rac1 Rc8 20. Rfd1 Qe8 21.
b4 e5 22. Nxe5 Nxe5 23. dxe5 Bxe5 24. f4 Bb8 25. e4 Qe7 26. a3 c5 27. b5 Rcd8
28. e5 Rxd1+ 29. Rxd1 Rd8 30. g4 Bc7 31. Bg3 Rxd1+ 32. Qxd1 Qd8 33. Qxd8+ Bxd8
34. Kf2 Kf8 35. Ke3 Ke7 36. Ke4 Kd7 37. f5 Be7 38. Kd5 Bd8 39. e6+ fxe6+ 40.
fxe6+ Ke7 41. Be5 h5 42. g5 Ke8 43. h4 Be7 44. a4 Bd8 45. Bb8 Ke7 46. Be5 Ke8
47. Bf6 Bc7 48. Kc6 Bg3 49. Kb7 Bxh4 50. Kxa7 Bg3 51. Kxb6 h4 52. a5 h3 53. a6
h2 54. a7 h1=Q 55. Ka6 c4 56. b6 Qc6 57. Bd4 Ke7 58. Be3 Kxe6 0-1

[Event "HEM 2013 B Turnier"]
[Site "Korbach"]
[Date "2013.03.29"]
[Round "5.7"]
[White "Siebald, Joerg"]
[Black "Wuestehube, Harry"]
[Result "1-0"]
[WhiteElo "1579"]
[BlackElo "1912"]
[PlyCount "55"]
[EventDate "2013.??.??"]
[WhiteTeam "SC Rochade Emsdetten"]
[BlackTeam "Kasseler SK 1876"]

1. Nf3 Nf6 2. d4 g6 3. c4 Bg7 4. Nc3 O-O 5. e4 d6 6. Bg5 Na6 7. Be2 c6 8. Qd2
Bd7 9. Bh6 Nc7 10. Bxg7 Kxg7 11. O-O-O b5 12. e5 Nfe8 13. h4 h5 14. Nh2 f5 15.
Bxh5 e6 16. Bf3 bxc4 17. g4 f4 18. g5 Nd5 19. h5 Rf5 20. hxg6 Rxg5 21. Ng4 Rxg6
22. Rdg1 Nxc3 23. Qxc3 d5 24. Bd1 Kf8 25. Rh8+ Rg8 26. Rxg8+ Kxg8 27. Nh6+ Kf8
28. Qb4+ 1-0

[Event "HEM 2013 B Turnier"]
[Site "Korbach"]
[Date "2013.03.29"]
[Round "5.8"]
[White "Braeutigam, Walter"]
[Black "Dinslage, Klaus-Dieter"]
[Result "1-0"]
[WhiteElo "1770"]
[BlackElo "1540"]
[PlyCount "69"]
[EventDate "2013.??.??"]
[WhiteTeam "SpVg. Möhnesee von 1921 e.V."]
[BlackTeam "Bahn-SC Wuppertal"]

1. c4 e5 2. Nc3 Nf6 3. g3 d5 4. cxd5 Nxd5 5. Bg2 Nxc3 6. bxc3 Bd6 7. d4 O-O 8.
Qb3 c6 9. Nf3 exd4 10. cxd4 Re8 11. e3 b5 12. O-O Be6 13. Qc2 g6 14. Nd2 Qb6
15. Bb2 Rc8 16. Rfc1 Na6 17. a3 b4 18. Nc4 Bxc4 19. Qxc4 Rab8 20. Bxc6 bxa3 21.
Bxa3 Bxa3 22. Rxa3 Nb4 23. d5 a5 24. Kg2 Rc7 25. e4 Nxc6 26. dxc6 Rbc8 27. Qd5
Rxc6 28. Rxc6 Rxc6 29. Rxa5 Rc2 30. Ra8+ Kg7 31. Qe5+ Kh6 32. Qf4+ Kg7 33. h4
Qc6 34. Qe5+ Qf6 35. Rg8+ 1-0

[Event "HEM 2013 B Turnier"]
[Site "Korbach"]
[Date "2013.03.29"]
[Round "5.9"]
[White "Zalewski, Ulrich"]
[Black "Benedikt, Alexander"]
[Result "1-0"]
[WhiteElo "1798"]
[BlackElo "1775"]
[PlyCount "127"]
[EventDate "2013.??.??"]
[WhiteTeam "SK 1858 Gießen"]
[BlackTeam "Sfr. Bad Emstal 1993"]

1. e4 e5 2. Nf3 d6 3. Bc4 Be6 4. Bxe6 fxe6 5. c3 b6 6. d3 h6 7. Be3 Nf6 8. h3
Nbd7 9. Nbd2 c5 10. Qb3 d5 11. Nf1 Qe7 12. Ng3 d4 13. Bd2 Qd6 14. Nh4 Be7 15.
Ng6 Rh7 16. O-O Nf8 17. Nxf8 Bxf8 18. a4 g5 19. a5 Rb7 20. c4 Qc6 21. a6 Rbb8
22. Qb5 Qxb5 23. cxb5 Rc8 24. b3 Kf7 25. f3 Ne8 26. Kf2 Nd6 27. Rh1 Nxb5 28. h4
Be7 29. hxg5 Bxg5 30. Bxg5 hxg5 31. Rh7+ Ke8 32. Rah1 Nd6 33. Rg7 Nf7 34. Rhh7
Kd7 35. Rxf7+ Kc6 36. Rxa7 Kb5 37. Rxa8 Rxa8 38. a7 Kb4 39. Ke2 Kxb3 40. Kd2 b5
41. Rb7 b4 42. Nh5 Ka2 43. Kc2 b3+ 44. Rxb3 Rxa7 45. Rb5 Ka3 46. Rxc5 Kb4 47.
Rc4+ Kb5 48. Kb3 Rh7 49. Nf6 Rh2 50. Rc2 Rh1 51. Nd7 Rb1+ 52. Ka2 Rd1 53. Nxe5
Kb4 54. Nc6+ Ka4 55. Nxd4 Rxd3 56. Nxe6 Ra3+ 57. Kb2 Rb3+ 58. Kc1 Ra3 59. Nxg5
Ra1+ 60. Kd2 Rg1 61. Ke3 Kb3 62. Rd2 Kc3 63. g4 Re1+ 64. Re2 1-0

[Event "HEM 2013 B Turnier"]
[Site "Korbach"]
[Date "2013.03.29"]
[Round "5.10"]
[White "Langhammer, Joerg"]
[Black "Friedrich, Helmut"]
[Result "1/2-1/2"]
[WhiteElo "1721"]
[BlackElo "1696"]
[PlyCount "112"]
[EventDate "2013.??.??"]
[WhiteTeam "SF Kirchhellen 50/72e"]
[BlackTeam "SC Schachmatt Weiterstadt"]

1. e4 c5 2. c3 Nc6 3. d4 cxd4 4. cxd4 e6 5. Nf3 Nf6 6. Nc3 Bb4 7. Bd3 h6 8. O-O
d6 9. a3 Bxc3 10. bxc3 O-O 11. Bf4 Re8 12. Bg3 Qc7 13. e5 dxe5 14. Nxe5 Nxe5
15. Bxe5 Qe7 16. Bc2 Bd7 17. Qd3 g6 18. Qf3 Kg7 19. Qxb7 Rac8 20. Qf3 Bc6 21.
Qg3 Kh7 22. c4 Ba8 23. Bd3 Ne4 24. Bxe4 Bxe4 25. Qe3 Ba8 26. c5 f6 27. Bd6 Qb7
28. f3 Qd5 29. Rfe1 Bc6 30. Rab1 Rcd8 31. Rb4 Rd7 32. Qe4 Qxe4 33. fxe4 f5 34.
exf5 gxf5 35. Kf2 Bd5 36. Reb1 Rg8 37. g3 Rg4 38. Be5 Rd8 39. Rb8 Rgg8 40. Rxd8
Rxd8 41. Ke3 Rg8 42. Kf4 Rg4+ 43. Ke3 Rg8 44. Rb4 h5 45. Ra4 Ra8 46. h4 Bb7 47.
Rb4 Bd5 48. a4 Kg6 49. a5 a6 50. Rb6 Kf7 51. c6 Ke7 52. Kf4 Rc8 53. c7 Bc4 54.
Rb8 Kd7 55. Kg5 Be2 56. Kf6 Bc4 1/2-1/2

[Event "HEM 2013 B Turnier"]
[Site "Korbach"]
[Date "2013.03.29"]
[Round "5.11"]
[White "Pleyer, Christian"]
[Black "Goebel, Knut"]
[Result "0-1"]
[WhiteElo "1486"]
[BlackElo "1644"]
[PlyCount "68"]
[EventDate "2013.??.??"]
[WhiteTeam "SC Langenbieber"]
[BlackTeam "SC Ober-Ramstadt"]

1. d4 d5 2. c4 c6 3. Nc3 Nf6 4. Nf3 e6 5. Bg5 h6 6. Bh4 dxc4 7. e4 g5 8. Bg3 b5
9. e5 Nd5 10. a4 Bb4 11. Qc2 Qa5 12. Rc1 Ba6 13. axb5 Bxb5 14. Nd2 Nd7 15. Bxc4
N7b6 16. Bxb5 cxb5 17. Nce4 Nc4 18. Rd1 Bxd2+ 19. Nxd2 O-O 20. Ke2 Rfc8 21. Nb3
Qb4 22. Nc5 Qxb2 23. Qxb2 Nxb2 24. Ra1 a5 25. h4 g4 26. f3 gxf3+ 27. gxf3 Nc4
28. Rhg1 Kh7 29. Be1 b4 30. Kd3 Nxe5+ 31. Ke4 Nc4 32. Ra2 Rg8 33. Rxg8 Kxg8 34.
Nd3 f5# 0-1

[Event "HEM 2013 B Turnier"]
[Site "Korbach"]
[Date "2013.03.29"]
[Round "5.12"]
[White "Engel, Markus"]
[Black "Mierendorf, Werner"]
[Result "1-0"]
[WhiteElo "1415"]
[BlackElo "1603"]
[PlyCount "51"]
[EventDate "2013.??.??"]
[WhiteTeam "Kasseler SK 1876"]
[BlackTeam "SK Upland-Willingen"]

1. d4 d5 2. c4 e6 3. cxd5 exd5 4. Nc3 Nf6 5. Nf3 Be7 6. Qc2 O-O 7. e4 dxe4 8.
Nxe4 Nbd7 9. Bd3 Nxe4 10. Bxe4 Nf6 11. O-O Nxe4 12. Qxe4 c6 13. Be3 Be6 14. Qd3
Bd5 15. Nd2 Bd6 16. f3 Qh4 17. h3 Qg3 18. Ne4 Qh2+ 19. Kf2 Bxe4 20. fxe4 Bg3+
21. Kf3 Bh4 22. Bf4 f5 23. exf5 Bg3 24. Bxg3 Rxf5+ 25. Qxf5 Rf8 26. Qxf8+ 1-0

[Event "HEM 2013 B Turnier"]
[Site "Korbach"]
[Date "2013.03.29"]
[Round "5.14"]
[White "Martens, Nick"]
[Black "Shkolnyk, Boris"]
[Result "0-1"]
[WhiteElo "1747"]
[BlackElo "1892"]
[PlyCount "100"]
[EventDate "2013.??.??"]
[WhiteTeam "SF Battenberg"]
[BlackTeam "Sfr. Korbach"]

1. d4 Nf6 2. Nc3 d5 3. Nf3 Bf5 4. e3 e6 5. Bd3 Bg4 6. Be2 c5 7. h3 Bh5 8. Ne5
Bg6 9. Nxg6 hxg6 10. Bb5+ Nc6 11. Bxc6+ bxc6 12. Bd2 cxd4 13. exd4 Qb6 14. Ne2
Qxb2 15. Nc3 Qb6 16. Ne2 a5 17. Rb1 Qa6 18. c3 Be7 19. O-O O-O 20. Bf4 Rfc8 21.
g4 c5 22. f3 Ne8 23. Kg2 Nd6 24. Rf2 Nc4 25. a4 Bd6 26. Bc1 Rab8 27. Rxb8 Rxb8
28. Qc2 Qc6 29. Kg1 Nb6 30. Ba3 Qxa4 31. Qc1 Qc6 32. Qg5 c4 33. Bc1 Qe8 34. Qe3
a4 35. Qd2 a3 36. Qa2 Qa4 37. Rf1 Qb3 38. Qa1 Na4 39. Kg2 Nb6 40. f4 Nd7 41. f5
exf5 42. gxf5 gxf5 43. Rxf5 Qc2 44. Rf2 Rb1 45. Qxa3 Bxa3 46. Bxa3 Qd1 47. Kg3
Nf6 48. Kf4 Qd2+ 49. Kf3 Qd3+ 50. Kg2 Ne4 0-1

[Event "HEM 2013 B Turnier"]
[Site "Korbach"]
[Date "2013.03.29"]
[Round "5.15"]
[White "Bickmann, Uwe"]
[Black "Meise, Jan"]
[Result "1/2-1/2"]
[WhiteElo "1782"]
[BlackElo "1454"]
[PlyCount "70"]
[EventDate "2013.??.??"]
[WhiteTeam "SC Marsberg e.V."]
[BlackTeam "ESV Rot-Weiß Göttingen"]

1. c4 Nf6 2. g3 d5 3. Bg2 c6 4. Nf3 Bf5 5. O-O e6 6. b3 Bd6 7. Bb2 Nbd7 8. d3
O-O 9. Nbd2 Rb8 10. Re1 Bg6 11. Rc1 e5 12. cxd5 cxd5 13. Nh4 Re8 14. Nxg6 hxg6
15. Qc2 Rc8 16. Qb1 Qe7 17. e4 Bb4 18. Rxc8 Rxc8 19. Rc1 Rxc1+ 20. Qxc1 Bxd2
21. Qxd2 d4 22. f4 Nf8 23. fxe5 Qxe5 24. Qb4 Ne6 25. Bf3 b6 26. Bc1 Qc5 27.
Qxc5 Nxc5 28. Be2 Nfd7 29. Ba3 Ne5 30. Bxc5 bxc5 31. Kf1 Kf8 32. Ke1 Ke7 33.
Kd2 a5 34. Kc2 Kd6 35. Kb2 g5 1/2-1/2

[Event "HEM 2013 B Turnier"]
[Site "Korbach"]
[Date "2013.03.29"]
[Round "5.16"]
[White "Reichel, Rolf"]
[Black "Johnen, Franz"]
[Result "1-0"]
[WhiteElo "1776"]
[BlackElo "1764"]
[PlyCount "31"]
[EventDate "2013.??.??"]
[WhiteTeam "Sfr. Frankfurt 1921"]
[BlackTeam "SVigung 1928 Alsdorf e"]

1. e4 c5 2. Nc3 e6 3. f4 f5 4. Nf3 Nc6 5. Bc4 fxe4 6. Ne5 Nxe5 7. fxe5 Qh4+ 8.
g3 Qg5 9. d4 Qg6 10. Nb5 Rb8 11. Nc7+ Kd8 12. Nb5 a6 13. Nd6 Bxd6 14. exd6 b5
15. Be2 c4 16. Bh5 1-0

[Event "HEM 2013 B Turnier"]
[Site "Korbach"]
[Date "2013.03.29"]
[Round "5.17"]
[White "Naujocks, Christian"]
[Black "Alefs, Willi"]
[Result "0-1"]
[WhiteElo "1639"]
[BlackElo "1898"]
[PlyCount "110"]
[EventDate "2013.??.??"]
[WhiteTeam "Sfr. Korbach"]
[BlackTeam "SC Fuldatal"]

1. e4 e6 2. d4 d5 3. Nc3 c5 4. Bb5+ Nc6 5. Nf3 dxe4 6. Nxe4 cxd4 7. Nxd4 Nge7
8. O-O a6 9. Nxc6 Nxc6 10. Qxd8+ Kxd8 11. Bxc6 bxc6 12. Bg5+ Ke8 13. Rad1 f6
14. Bh4 Rb8 15. b3 Bb7 16. Bg3 Rc8 17. Bd6 c5 18. Bxf8 Bxe4 19. Bd6 c4 20. Rfe1
Bf5 21. h3 Kf7 22. Rd2 e5 23. g4 Be6 24. f4 exf4 25. Bxf4 Rc6 26. Red1 Rhc8 27.
Rd6 Ke7 28. Kf2 h6 29. b4 g5 30. Rxc6 Rxc6 31. Be3 f5 32. Bc5+ Kf7 33. Kf3 Kg6
34. a4 fxg4+ 35. hxg4 h5 36. gxh5+ Kxh5 37. Kg3 Bf5 38. Bf8 Kg6 39. Rh1 Kf7 40.
Rf1 Rf6 41. Bc5 Bxc2 42. Ra1 Bf5 43. b5 axb5 44. axb5 Kg6 45. b6 Bc8 46. Ra7
Rf7 47. Be7 c3 48. Rc7 Ba6 49. b7 Bxb7 50. Rxb7 c2 51. Rb6+ Kf5 52. Rb5+ Ke4
53. Bxg5 Rg7 54. Rb4+ Kd3 55. Rb3+ Kc4 0-1

[Event "HEM 2013 B Turnier"]
[Site "Korbach"]
[Date "2013.03.29"]
[Round "5.18"]
[White "Heidenreich, Gundolf"]
[Black "Renk, Cornelius"]
[Result "0-1"]
[WhiteElo "1429"]
[BlackElo "1837"]
[PlyCount "80"]
[EventDate "2013.??.??"]
[WhiteTeam "SK 1950 Vellmar"]
[BlackTeam "SC Marsberg e.V."]

1. d4 Nf6 2. c4 g6 3. Nc3 Bg7 4. Nf3 d6 5. Bf4 O-O 6. e3 c5 7. dxc5 dxc5 8.
Qxd8 Rxd8 9. Rd1 Rxd1+ 10. Kxd1 Nc6 11. Be2 Bf5 12. Kc1 Rd8 13. Rd1 Rxd1+ 14.
Nxd1 Ne4 15. Nh4 Bd7 16. Nf3 e5 17. Bg3 Nxg3 18. hxg3 f5 19. Nd2 e4 20. f3 exf3
21. gxf3 g5 22. e4 Nd4 23. Bd3 Be5 24. exf5 Bxg3 25. Ne4 Bf4+ 26. Kb1 Bxf5 27.
Nxc5 Bxd3+ 28. Nxd3 Nxf3 29. Kc2 Bc7 30. N1f2 h5 31. Nc5 g4 32. Ne6 g3 33. Nh3
Be5 34. Neg5 Nxg5 35. Nxg5 g2 36. Nf3 Bh2 37. Kd3 g1=Q 38. Nxg1 Bxg1 39. Ke2
Kf7 40. Kf3 Kf6 0-1

[Event "HEM 2013 B Turnier"]
[Site "Korbach"]
[Date "2013.03.29"]
[Round "5.19"]
[White "Ullmann, Ralf"]
[Black "Ehmann, Johanna"]
[Result "1-0"]
[WhiteElo "1606"]
[BlackElo "1096"]
[PlyCount "103"]
[EventDate "2013.??.??"]
[WhiteTeam "SC Eschwege"]
[BlackTeam "SF Sasbach e.V."]

1. e4 e5 2. Nf3 Nc6 3. Bc4 Bc5 4. c3 Nf6 5. d4 exd4 6. e5 d5 7. Bb5 Ne4 8. cxd4
Bb4+ 9. Bd2 Bxd2+ 10. Nbxd2 a6 11. Bxc6+ bxc6 12. Nxe4 dxe4 13. Ng1 O-O 14. Ne2
Bg4 15. Rc1 Qd5 16. Nc3 Bxd1 17. Nxd5 cxd5 18. Kxd1 Rfc8 19. Kd2 Kf8 20. Rc5 c6
21. Rhc1 Rab8 22. b3 Rb6 23. Rxd5 cxd5 24. Rxc8+ Ke7 25. Rc5 Ke6 26. Kc3 f6 27.
exf6 gxf6 28. Rc7 h6 29. Rh7 Rc6+ 30. Kd2 Rc8 31. Rxh6 Rg8 32. g3 Rg5 33. f4
exf3 34. Ke3 Rf5 35. Kf2 Kd6 36. Rh4 Kc6 37. Rf4 Rxf4 38. gxf4 Kd7 39. f5 Ke7
40. Kxf3 Kf7 41. b4 Kg7 42. a4 Kf7 43. h4 Kg7 44. b5 axb5 45. axb5 Kh6 46. b6
Kh5 47. b7 Kxh4 48. Kf4 Kh3 49. b8=Q Kg2 50. Qb2+ Kh3 51. Qe2 Kh4 52. Qg4# 1-0

[Event "HEM 2013 B Turnier"]
[Site "Korbach"]
[Date "2013.03.29"]
[Round "5.20"]
[White "Seemke, Erwin"]
[Black "Kronenburg, Bernd"]
[Result "0-1"]
[WhiteElo "1162"]
[BlackElo "1786"]
[PlyCount "116"]
[EventDate "2013.??.??"]
[WhiteTeam "Sfr. Korbach"]
[BlackTeam "SV 1929 Raunheim"]

1. d4 g6 2. Nf3 Nf6 3. c4 Bg7 4. e3 O-O 5. Nc3 d6 6. Bd3 Bg4 7. h3 Bxf3 8. Qxf3
Nc6 9. Bd2 e5 10. d5 Nb4 11. Be4 Nxe4 12. Qxe4 f5 13. Qb1 e4 14. Nxe4 fxe4 15.
Bxb4 Qf6 16. O-O Qxb2 17. Qxb2 Bxb2 18. Rab1 Be5 19. Rfc1 b6 20. Bc3 Rae8 21.
Bxe5 Rxe5 22. a4 a5 23. Rf1 h5 24. Rb3 Ref5 25. Rb2 g5 26. g3 Kg7 27. Rd2 Rf3
28. Rd4 Re8 29. Kg2 Rf5 30. Kg1 Kf6 31. Kg2 Ke5 32. Kg1 Rf3 33. Rd2 h4 34. g4
Rxh3 35. Kg2 Rf3 36. Rh1 Rh8 37. Rh3 Rhf8 38. Rxf3 Rxf3 39. Re2 Rf7 40. Kh3 Rf8
41. Rd2 Rf3+ 42. Kg2 h3+ 43. Kh2 Kf6 44. Re2 Ke7 45. Rb2 Kd7 46. Ra2 Kc8 47.
Rd2 Kb7 48. Kg1 c6 49. Rd4 h2+ 50. Kg2 Rxf2+ 51. Kh1 cxd5 52. Rxd5 Re2 53. Rxg5
Rxe3 54. Kxh2 Rc3 55. Rg7+ Kc6 56. Kg2 e3 57. Kf3 Rxc4 58. Kxe3 Rxa4 0-1

[Event "HEM 2013 B Turnier"]
[Site "Korbach"]
[Date "2013.03.29"]
[Round "5.21"]
[White "Bekkink, Joey"]
[Black "Lorch, Alexander"]
[Result "1-0"]
[WhiteElo "1496"]
[BlackElo "1365"]
[PlyCount "59"]
[EventDate "2013.??.??"]
[WhiteTeam "Caissa Eenhoorn"]
[BlackTeam "SC Eschwege"]

1. e4 c5 2. Nc3 d6 3. f4 g6 4. Nf3 Bg7 5. Bb5+ Nc6 6. Bxc6+ bxc6 7. O-O e6 8.
d3 Ne7 9. Qe1 O-O 10. Qh4 d5 11. f5 dxe4 12. dxe4 exf5 13. Bh6 fxe4 14. Bxg7
Kxg7 15. Ng5 h6 16. Ngxe4 Qd4+ 17. Kh1 Nf5 18. Qf4 Ne3 19. Ne2 Nxg2 20. Kxg2
Qxb2 21. Rad1 Be6 22. Rd2 Qxa2 23. Qe5+ f6 24. Nxf6 Rf7 25. Nd7+ Kg8 26. Rxf7
Bxf7 27. Nf6+ Kg7 28. Nh5+ Kf8 29. Qh8+ Bg8 30. Qg7+ 1-0

[Event "HEM 2013 B Turnier"]
[Site "Korbach"]
[Date "2013.03.29"]
[Round "5.22"]
[White "Dresen, Dietmar"]
[Black "Hoepfner, Michael"]
[Result "1/2-1/2"]
[WhiteElo "1660"]
[BlackElo "1300"]
[PlyCount "106"]
[EventDate "2013.??.??"]
[WhiteTeam "Bedburger SV 1947 e.V."]
[BlackTeam "Kasseler SK 1876"]

1. Nf3 e6 2. d4 b6 3. c4 Bb7 4. Nbd2 Nf6 5. e3 c5 6. Bd3 Nc6 7. b3 cxd4 8. exd4
d5 9. Bb2 Bd6 10. Ne5 Bb4 11. O-O Bxd2 12. Qxd2 O-O 13. cxd5 Nxe5 14. dxe5 Qxd5
15. f3 Nd7 16. Qe2 a5 17. Rfd1 Qc5+ 18. Kf1 Qe7 19. Rac1 Nc5 20. Ba3 Qh4 21.
Bxc5 bxc5 22. Qf2 Qxh2 23. Rc4 Ba6 24. Re4 Rfd8 25. Ke2 Bxd3+ 26. Rxd3 Rxd3 27.
Kxd3 Rd8+ 28. Kc2 Qh6 29. f4 Qh5 30. Qxc5 Qd1+ 31. Kb2 Qd2+ 32. Qc2 h5 33. Rc4
Qd5 34. Ka3 Ra8 35. Qe4 Rd8 36. Qxd5 Rxd5 37. Rc2 Rd4 38. Rf2 Kh7 39. Kb2 Kg6
40. Kc3 Re4 41. a3 Kf5 42. Rf3 Kg4 43. b4 axb4+ 44. axb4 Re2 45. b5 Rxg2 46. b6
Kxf3 47. b7 Kxf4 48. b8=Q Rg3+ 49. Kd2 h4 50. Qb4+ Kg5 51. Qe7+ Kf5 52. Qxf7+
Kxe5 53. Qc7+ Kf5 1/2-1/2

[Event "HEM 2013 B Turnier"]
[Site "Korbach"]
[Date "2013.03.29"]
[Round "5.24"]
[White "Kalkuhl, Thorsten"]
[Black "Buettner, Rudi"]
[Result "1/2-1/2"]
[WhiteElo "1209"]
[BlackElo "1462"]
[PlyCount "82"]
[EventDate "2013.??.??"]
[WhiteTeam "SC Marsberg e.V."]
[BlackTeam "SK Bad Sooden-Allendorf"]

1. d4 d5 2. Nf3 Nf6 3. c4 c6 4. Nc3 Bf5 5. e3 e6 6. cxd5 exd5 7. Bd3 Bxd3 8.
Qxd3 Bb4 9. O-O O-O 10. a3 Bd6 11. e4 dxe4 12. Nxe4 h6 13. Nxd6 Qxd6 14. Bd2
Re8 15. Rfe1 Nbd7 16. Rad1 Nd5 17. g3 N7f6 18. Nh4 Nh7 19. Nf5 Qf6 20. h4 Rad8
21. Qf3 Kf8 22. Qg4 Qg6 23. Qxg6 fxg6 24. Ne3 Nhf6 25. f3 Rd7 26. Kf2 Nxe3 27.
Bb4+ Kf7 28. Rxe3 Rxe3 29. Kxe3 Nd5+ 30. Kf2 Nxb4 31. axb4 Rd5 32. Ke3 Rb5 33.
Ra1 a6 34. Ra4 Ke6 35. Ke4 Rd5 36. Ra5 Rb5 37. Rxb5 axb5 38. g4 h5 39. g5 Kd6
40. f4 Ke6 41. b3 b6 1/2-1/2

[Event "HEM 2013 B Turnier"]
[Site "Korbach"]
[Date "2013.03.29"]
[Round "5.25"]
[White "Fehling, Janek"]
[Black "Krug, Franz-Dieter"]
[Result "0-1"]
[WhiteElo "995"]
[BlackElo "1571"]
[PlyCount "90"]
[EventDate "2013.??.??"]
[WhiteTeam "SK Turm Bad Hersfeld"]
[BlackTeam "SVigung 1928 Alsdorf e"]

1. e4 e5 2. Nf3 Nc6 3. Nc3 Nf6 4. d4 exd4 5. Nxd4 Ne5 6. Bf4 Ng6 7. Bg3 d6 8.
Bc4 Be7 9. O-O O-O 10. Re1 Nd7 11. Nf3 Re8 12. e5 dxe5 13. Nxe5 Ndxe5 14. Bxe5
Nxe5 15. Rxe5 Bd6 16. Rxe8+ Qxe8 17. Qf3 c6 18. Ne4 Be7 19. Re1 Qf8 20. Qe3 b5
21. Bb3 c5 22. Bd5 Rb8 23. b3 Bf5 24. c4 Bxe4 25. Qxe4 Bd6 26. g3 b4 27. a4
bxa3 28. Qc2 Re8 29. Rxe8 Qxe8 30. Qa2 Qe1+ 31. Kg2 Qb4 32. Be4 Be5 33. Bc2 Bb2
34. Qb1 g6 35. Qa2 Qd2 36. Bb1 a5 37. Be4 Kg7 38. Bc6 Bc1 39. Qa1+ Qb2 40.
Qxb2+ Bxb2 41. Be4 a2 42. Bf3 a1=Q 43. Kh3 Qf1+ 44. Bg2 Qxf2 45. Bd5 f5 0-1

[Event "HEM 2013 B Turnier"]
[Site "Korbach"]
[Date "2013.03.29"]
[Round "5.26"]
[White "Pabst, Olaf"]
[Black "Becker, Robin"]
[Result "0-1"]
[WhiteElo "1681"]
[BlackElo "1454"]
[PlyCount "96"]
[EventDate "2013.??.??"]
[WhiteTeam "Sfr. Korbach"]
[BlackTeam "SV Meschede e.V."]

1. f4 g6 2. Nf3 Bg7 3. e4 d6 4. d3 Nf6 5. c3 O-O 6. Be2 Bg4 7. O-O Nbd7 8. h3
Bxf3 9. Bxf3 c6 10. Qe2 Qc7 11. g4 Kh8 12. g5 Ng8 13. h4 h5 14. Bxh5 gxh5 15.
Qxh5+ Bh6 16. gxh6 Ndf6 17. Qg5 Ne8 18. f5 Ngf6 19. Qf4 Nh5 20. Qf3 Rg8+ 21.
Kf2 Nef6 22. Ke1 d5 23. Bg5 dxe4 24. dxe4 Qg3+ 25. Qxg3 Nxg3 26. Bxf6+ exf6 27.
Rf4 Rae8 28. Nd2 Nxe4 29. Rxe4 Rxe4+ 30. Kf2 Rxh4 31. Nf3 Rxh6 32. Re1 Kg7 33.
Re7 Rb8 34. a4 Kf8 35. Rd7 Rh5 36. Rd4 Re8 37. Rf4 Rd8 38. Ke3 Rd1 39. b4 Rh3
40. Ke2 Rd5 41. c4 Rd7 42. b5 cxb5 43. axb5 Rh1 44. Nd4 Rc1 45. Nb3 Rc2+ 46.
Ke1 Rd3 47. Nc5 Ra3 48. Kd1 Rh2 0-1

[Event "HEM 2013 B Turnier"]
[Site "Korbach"]
[Date "2013.03.29"]
[Round "5.27"]
[White "Unruh, Hartmut"]
[Black "Huelsmann, Florian"]
[Result "1/2-1/2"]
[WhiteElo "1670"]
[BlackElo "944"]
[PlyCount "47"]
[EventDate "2013.??.??"]
[WhiteTeam "Sfr. Korbach"]
[BlackTeam "Sfr. Korbach"]

1. d4 d5 2. Bf4 Bf5 3. c3 e6 4. Nf3 Bd6 5. Bg5 Nf6 6. Qb3 b6 7. e3 O-O 8. Ne5
h6 9. Bh4 Be7 10. Bb5 Nfd7 11. Nc6 Nxc6 12. Bxc6 Rb8 13. Bxe7 Qxe7 14. Qa4 e5
15. Bxd5 Nf6 16. Bf3 Be4 17. Nd2 Bxf3 18. gxf3 e4 19. Qxa7 exf3 20. Rg1 Qd7 21.
Rg3 Ng4 22. Nxf3 Qc8 23. Qxb8 Qxb8 24. Rxg4 1/2-1/2